Who's "in" and Who's "out": state fragmentation and the struggle over gay rights, 1974-1999 (Record no. 49919)

000 -LEADER
fixed length control field 00417pab a2200157 454500
008 - FIXED-LENGTH DATA ELEMENTS--GENERAL INFORMATION
fixed length control field 180718b2001 xxu||||| |||| 00| 0 eng d
100 ## - MAIN ENTRY--PERSONAL NAME
Personal name Werum, Regina
245 ## - TITLE STATEMENT
Title Who's "in" and Who's "out": state fragmentation and the struggle over gay rights, 1974-1999
260 ## - PUBLICATION, DISTRIBUTION, ETC.
Date of publication, distribution, etc. 2001
300 ## - PHYSICAL DESCRIPTION
Extent p.386-410
362 ## - DATES OF PUBLICATION AND/OR SEQUENTIAL DESIGNATION
Dates of publication and/or sequential designation Aug
650 ## - SUBJECT ADDED ENTRY--TOPICAL TERM
Topical term or geographic name entry element Gays
700 ## - ADDED ENTRY--PERSONAL NAME
Personal name Winders, Bill
773 ## - HOST ITEM ENTRY
Main entry heading Social Problems
909 ## -
-- 49919
Holdings
Withdrawn status Lost status Damaged status Not for loan Permanent Location Current Location Date acquired Serial Enumeration / chronology Barcode Date last seen Price effective from Koha item type
        Indian Institute of Public Administration Indian Institute of Public Administration 2018-07-19 Volume no: 48, Issue no: 3 AR50347 2018-07-19 2018-07-19 Articles

Powered by Koha